Christopher Nolan Movie by images - Sudden Death - Statistics

General Stats
  • This quiz has been taken 407 times
  • The average score is 6 of 8
Answers on the Grid
Answers color-coded by a green-red scale on the quiz's grid according to % correct below.
 
Answer Stats
Answer % Correct
Batman Begins
89%
Oppenheimer
89%
Inception
86%
Interstellar
83%
Tenet
79%
Memento
79%
Dunkirk
79%
Insomnia
48%
No matching quizzes found
Score Distribution
Percent of People with Each Score
Percentile by Number Answered
Your Score History
You have not taken this quiz